LEADER 01238nam 2200409 450 001 9910158660803321 005 20170610085228.0 010 $a3-653-06448-1 010 $a3-631-70654-5 035 $a(CKB)3710000001010854 035 $a(MiAaPQ)EBC4777175 035 $a(PPN)229152279 035 $a(EXLCZ)993710000001010854 100 $a20170124h20172017 uy 0 101 0 $aeng 135 $aurcnu|||||||| 181 $2rdacontent 182 $2rdamedia 183 $2rdacarrier 200 00$aPhilosophy and logic of predication /$fPiotr Stalmaszczyk (ed.) 210 1$aFrankfurt am Main, [Germany] :$cPeter Lang Edition,$d2017. 210 4$dİ2017 215 $a1 online resource (275 pages) 225 0 $aStudies in Philosophy of Language and Linguistics,$x2363-7242 ;$vVolume 7 311 $a3-631-66920-8 320 $aIncludes bibliographical references at the end of each chapters and index. 606 $aPredicate (Logic) 615 0$aPredicate (Logic) 676 $a160 702 $aStalmaszczyk$b Piotr 801 0$bMiAaPQ 801 1$bMiAaPQ 801 2$bMiAaPQ 906 $aBOOK 912 $a9910158660803321 996 $aPhilosophy and logic of predication$92867201 997 $aUNINA LEADER 01655oam 2200445Ia 450 001 9910697252303321 005 20230902161823.0 035 $a(CKB)5470000002386399 035 $a(OCoLC)652059431 035 $a(EXLCZ)995470000002386399 100 $a20100803d2003 ua 0 101 0 $aeng 135 $aurcn||||||||| 181 $ctxt$2rdacontent 182 $cc$2rdamedia 183 $acr$2rdacarrier 200 10$aSurface layer stability transition research, minimum time delay from sunrise$b[electronic resource] $e2001 March case study /$fGail-Tirrell Vaucher, Manny Bustillos, Alfred Gutierrez 210 1$aWhite Sands Missile Range, NM :$cArmy Research Laboratory,$d[2003] 215 $a1 online resource (viii, 55 pages) $ccolor charts 225 1 $aARL-TR ;$v2798 300 $aTitle from PDF title screen (viewed on Aug. 3, 2010). 300 $a"May 2003." 320 $aIncludes bibliographical references (pages 22-23). 410 0$aARL-TR (Aberdeen Proving Ground, Md.) ;$v2798. 517 $aSurface layer stability transition research, minimum time delay from sunrise 606 $aTarget acquisition 606 $aAtmospheric density 615 0$aTarget acquisition. 615 0$aAtmospheric density. 700 $aVaucher$b Gail-Tirrell$01403977 701 $aBustillos$b Manny$01403978 701 $aGutierrez$b Alfred$01403979 712 02$aU.S. Army Research Laboratory. 801 0$bGPO 801 1$bGPO 801 2$bGPO 906 $aBOOK 912 $a9910697252303321 996 $aSurface layer stability transition research, minimum time delay from sunrise$93477686 997 $aUNINA